16294nas a2201477 454500001000500000005001700005008003700022003001500059040004000074080008400114245004700198022001500245264005000260310003100310505066400341942000801005590003601013100002401049650001601073650002701089650001301116650002001129856011801149999001501267952013401282952013401416952013401550952013401684952013401818952013401952952013402086952013402220952013402354952013402488952013402622952013402756952013402890952013403024952013403158952013403292952013403426952013403560952013403694952013403828952013403962952013404096952013404230952013404364952013404498952013404632952013404766952013404900952013405034952013405168952013405302952013405436952013405570952013405704952013405838952013405972952013406106952013406240952013406374952013406508952013406642952013406776952013406910952013407044952013407178952013407312952013407446952013407580952013407714952013407848952013407982952013408116952013408250952013408384952013408518952013408652952013408786952013408920952013409054952013409188952013409322952013409456952013409590952013409724952013409858952013409992952013410126952013410260952013410394952013410528952013410662952013410796952013410930952013411064952013411198952013411332952013411466952013411600952013411734952013411868952013412002952013412136952013412270952013412404952013412538952013412672952013412806952013412940952013413074952013413208952013413342952013413476952013413610952013413744952013413878952013414012952013414146952013414280952013414414952013414548952013414682133220260407193503.0260407s1981####ag###########|||spa#dAR-UNSa-BCEJYS aAR-UNSa-BCEJYSbspacAR-UNSa-BCEJYS a338.1xSituación económica. Ciclos. Desarrollo de la estructura económica10aRevista de la bolsa de comercio de Rosario a 0326-2308 1aRosario :bBolsa de Comercio de Rosarioc1981 aFrecuencia: Cuatrimestral  aCambia Dir. a partir del Nº 1430 por Víctor M. Cabanellas, Cambia Dir. a partir del Nº 1446 por Federico E. Boglione, Cambia Dir. a partir del Nº 1454 por Juan Carlos Meroi, Cambia Dir. a partir del Nº 1458 por Hugo O.B. Grassi, Cambia Dir. a partir del Nº 1463 por Cristián F. Amuchástegui, Cambia Dir. a partir del Nº 1473 por Nicanor D. Sodiro, Cambia Dir. a partir del Nº 1488 por Federico E. Boglione, Cambia Dir. a partir del Nº 1497 por Jorge E. Weskamp, Cambia Dir. a partir del Nº 1509 por Cristián F. Amuchástegui,Cambia Dir. a partir del Nº 1521 por Raúl R. Meroi, Cambia Dir. a partir del Nº 1526 por Alberto A. Padoán  cSER aniveau_biblio:s niveau_hierar:11 aZambruni, José A. aAgricultura aComercio internacional aFinanzas a6.25 Economía41uhttps://biblioeco.unsa.edu.ar/pmb/images/revistas/Bolsa de Comercio de Rosario.jpgyImagen de portadaqimage/jpeg c8379d8379 00104070aBCEJYSbBCEJYSc17d2019-12-01hNº 1537 - dic. 2019l0oH338.1 BOL 1537pR22368r2026-04-10 16:06:20w2026-04-10yRN 00104070aBCEJYSbBCEJYSc17d2019-08-01hNº 1536 - ago. 2019l0oH338.1 BOL 1536pR22294r2026-04-10 16:06:20w2026-04-10yRN 00104070aBCEJYSbBCEJYSc17d2019-05-01hNº 1535 - mayo 2019l0oH338.1 BOL 1535pR22203r2026-04-10 16:06:20w2026-04-10yRN 00104070aBCEJYSbBCEJYSc17d2018-12-01hNº 1534 - dic. 2018l0oH338.1 BOL 1534pR22080r2026-04-10 16:06:20w2026-04-10yRN 00104070aBCEJYSbBCEJYSc17d2018-08-01hN° 1533 - ago. 2018l0oH338.1 BOL 1533pR21975r2026-04-10 16:06:20w2026-04-10yRN 00104070aBCEJYSbBCEJYSc17d2017-05-01hNº 1531 - mayo 2017l0oH338.1 BOL 1531pR20758r2026-04-10 16:06:20w2026-04-10yRN 00104070aBCEJYSbBCEJYSc17d2017-01-01hNº 1530 - ene. 2017l0oH338.1 BOL 1530pR20631r2026-04-10 16:06:20w2026-04-10yRN 00104070aBCEJYSbBCEJYSc17d2016-09-01hNº 1529 - sep. 2016l0oH338.1 BOL 1529pR20542r2026-04-10 16:06:20w2026-04-10yRN 00104070aBCEJYSbBCEJYSc17d2016-05-01hNº 1528 - mayo 2016l0oH338.1 BOL 1528pR19996r2026-04-10 16:06:20w2026-04-10yRN 00104070aBCEJYSbBCEJYSc17d2015-12-01hNº 1527 - dic. 2015l0oH338.1 BOL 1527pR17781r2026-04-10 16:06:21w2026-04-10yRN 00104070aBCEJYSbBCEJYSc17d2015-09-01hNº 1526 - sep. 2015l0oH338.1 BOL 1526pR16423r2026-04-10 16:06:21w2026-04-10yRN 00104070aBCEJYSbBCEJYSc17d2015-05-01hNº 1525 - mayo 2015l0oH338.1 BOL 1525pR14287r2026-04-10 16:06:21w2026-04-10yRN 00104070aBCEJYSbBCEJYSc17d2014-12-01hNº 1524 - dic. 2014l0oH338.1 BOL 1524pR13406r2026-04-10 16:06:21w2026-04-10yRN 00104070aBCEJYSbBCEJYSc17d2014-09-01hNº 1523 - sep. 2014l0oH338.1 BOL 1523pR12398r2026-04-10 16:06:21w2026-04-10yRN 00104070aBCEJYSbBCEJYSc17d2014-05-01hNº 1522 - mayo 2014l0oH338.1 BOL 1522pR11221r2026-04-10 16:06:21w2026-04-10yRN 00104070aBCEJYSbBCEJYSc17d2013-12-01hNº 1521 - dic. 2013l0oH338.1 BOL 1521pR10224r2026-04-10 16:06:21w2026-04-10yRN 00104070aBCEJYSbBCEJYSc17d2013-08-01hNº 1520 - ago. 2013l0oH338.1 BOL 1520pR08672r2026-04-10 16:06:21w2026-04-10yRN 00104070aBCEJYSbBCEJYSc17d2013-04-01hNº 1519 - abr. 2013l0oH338.1 BOL 1519pR07205r2026-04-10 16:06:21w2026-04-10yRN 00104070aBCEJYSbBCEJYSc17d2012-12-01hNº 1518 - dic. 2012l0oH338.1 BOL 1518pR06043r2026-04-10 16:06:21w2026-04-10yRN 00104070aBCEJYSbBCEJYSc17d2012-08-01hNº 1517 - ago. 2012l0oH338.1 BOL 1517pR05004r2026-04-10 16:06:21w2026-04-10yRN 00104070aBCEJYSbBCEJYSc17d2012-04-01hNº 1516 - abr. 2012l0oH338.1 BOL 1516pR04134r2026-04-10 16:06:21w2026-04-10yRN 00104070aBCEJYSbBCEJYSc17d2011-12-01hNº 1515 - dic. 2011l0oH338.1 BOL 1515pR03490r2026-04-10 16:06:21w2026-04-10yRN 00104070aBCEJYSbBCEJYSc17d2011-09-01hNº 1514 - sep. 2011l0oH338.1 BOL 1514pR03365r2026-04-10 16:06:21w2026-04-10yRN 00104070aBCEJYSbBCEJYSc17d2011-04-01hNº 1513 - abr. 2011l0oH338.1 BOL 1513pR03241r2026-04-10 16:06:21w2026-04-10yRN 00104070aBCEJYSbBCEJYSc17d2010-12-01hNº 1512 - dic. 2010l0oH338.1 BOL 1512pR02850r2026-04-10 16:06:21w2026-04-10yRN 00104070aBCEJYSbBCEJYSc17d2010-08-01hNº 1511 - ago. 2010l0oH338.1 BOL 1511pR02829r2026-04-10 16:06:21w2026-04-10yRN 00104070aBCEJYSbBCEJYSc17d2010-04-01hNº 1510 - abr. 2010l0oH338.1 BOL 1510pR02830r2026-04-10 16:06:21w2026-04-10yRN 00104070aBCEJYSbBCEJYSc17d2009-12-01hNº 1509 - dic. 2009l0oH338.1 BOL 1509pR02831r2026-04-10 16:06:21w2026-04-10yRN 00104070aBCEJYSbBCEJYSc17d2009-08-01hNº 1508 - ago. 2009l0oH338.1 BOL 1508pR02832r2026-04-10 16:06:21w2026-04-10yRN 00104070aBCEJYSbBCEJYSc17d2009-04-01hNº 1507 - abr. 2009l0oH338.1 BOL 1507pR02833r2026-04-10 16:06:21w2026-04-10yRN 00104070aBCEJYSbBCEJYSc17d2008-12-01hNº 1506 - dic. 2008l0oH338.1 BOL 1506pR02835r2026-04-10 16:06:21w2026-04-10yRN 00104070aBCEJYSbBCEJYSc17d2008-08-01hNº 1505 - ago. 2008l0oH338.1 BOL 1505pR02836r2026-04-10 16:06:21w2026-04-10yRN 00104070aBCEJYSbBCEJYSc17d2008-04-01hNº 1504 - abr. 2008l0oH338.1 BOL 1504pR02837r2026-04-10 16:06:21w2026-04-10yRN 00104070aBCEJYSbBCEJYSc17d2007-12-01hNº 1503 - dic. 2007l0oH338.1 BOL 1503pR02838r2026-04-10 16:06:21w2026-04-10yRN 00104070aBCEJYSbBCEJYSc17d2007-08-01hNº 1502 - ago. 2007l0oH338.1 BOL 1502pR02839r2026-04-10 16:06:21w2026-04-10yRN 00104070aBCEJYSbBCEJYSc17d2007-04-01hNº 1501 - abr. 2007l0oH338.1 BOL 1501pR02840r2026-04-10 16:06:21w2026-04-10yRN 00104070aBCEJYSbBCEJYSc17d2006-12-01hNº 1500 - dic. 2006l0oH338.1 BOL 1500pR02834r2026-04-10 16:06:21w2026-04-10yRN 00104070aBCEJYSbBCEJYSc17d2006-08-01hNº 1499 - ago. 2006l0oH338.1 BOL 1499pR01912r2026-04-10 16:06:21w2026-04-10yRN 00104070aBCEJYSbBCEJYSc17d2006-04-01hNº 1498 - abr. 2006l0oH338.1 BOL 1498pR01812r2026-04-10 16:06:21w2026-04-10yRN 00104070aBCEJYSbBCEJYSc17d2005-12-01hNº 1497 - dic. 2005l0oH338.1 BOL 1497pR01773r2026-04-10 16:06:21w2026-04-10yRN 00104070aBCEJYSbBCEJYSc17d2005-08-01hNº 1496 - ago. 2005l0oH338.1 BOL 1496pR01584r2026-04-10 16:06:21w2026-04-10yRN 00104070aBCEJYSbBCEJYSc17d2005-04-01hNº 1495 - abr. 2005l0oH338.1 BOL 1495pR00195r2026-04-10 16:06:21w2026-04-10yRN 00104070aBCEJYSbBCEJYSc17d2004-12-01hNº 1494 - dic. 2004l0oH338.1 BOL 1494pR00403r2026-04-10 16:06:21w2026-04-10yRN 00104070aBCEJYSbBCEJYSc17d2004-08-01hNº 1493 - ago. 2004l0oH338.1 BOL 1493pR02841r2026-04-10 16:06:21w2026-04-10yRN 00104070aBCEJYSbBCEJYSc17d2004-04-01hNº 1492 - abr. 2004l0oH338.1 BOL 1492pR02842r2026-04-10 16:06:21w2026-04-10yRN 00104070aBCEJYSbBCEJYSc17d2003-12-01hNº 1491 - dic. 2003l0oH338.1 BOL 1491pR00405r2026-04-10 16:06:21w2026-04-10yRN 00104070aBCEJYSbBCEJYSc17d2003-08-01hNº 1490 - ago. 2003l0oH338.1 BOL 1490pR00404r2026-04-10 16:06:21w2026-04-10yRN 00104070aBCEJYSbBCEJYSc17d2003-04-01hNº 1489 - abr. 2003l0oH338.1 BOL 1489pR02843r2026-04-10 16:06:21w2026-04-10yRN 00104070aBCEJYSbBCEJYSc17d2002-12-01hNº 1488 - dic. 2002l0oH338.1 BOL 1488pR00406r2026-04-10 16:06:21w2026-04-10yRN 00104070aBCEJYSbBCEJYSc17d2001-08-01hNº 1484 - ago. 2001l0oH338.1 BOL 1484pR02844r2026-04-10 16:06:21w2026-04-10yRN 00104070aBCEJYSbBCEJYSc17d2001-04-01hNº 1483 - abr. 2001l0oH338.1 BOL 1483pR02845r2026-04-10 16:06:21w2026-04-10yRN 00104070aBCEJYSbBCEJYSc17d2000-08-01hNº 1481 - ago. 2000l0oH338.1 BOL 1481pR02846r2026-04-10 16:06:21w2026-04-10yRN 00104070aBCEJYSbBCEJYSc17d1997-12-01hNº 1473 - dic. 1997l0oH338.1 BOL 1473pR02847r2026-04-10 16:06:21w2026-04-10yRN 00104070aBCEJYSbBCEJYSc17d1997-08-01hNº 1472 - ago. 1997l0oH338.1 BOL 1472pR02849r2026-04-10 16:06:21w2026-04-10yRN 00104070aBCEJYSbBCEJYSc17d1997-04-01hNº 1471 - abr. 1997l0oH338.1 BOL 1471pR02848r2026-04-10 16:06:21w2026-04-10yRN 00104070aBCEJYSbBCEJYSc17d1995-12-01hNº 1467 - dic. 1995l0oH338.1 BOL 1467pR04370r2026-04-10 16:06:21w2026-04-10yRN 00104070aBCEJYSbBCEJYSc17d1995-04-01hNº 1465 - abr. 1995l0oH338.1 BOL 1465pR04369r2026-04-10 16:06:21w2026-04-10yRN 00104070aBCEJYSbBCEJYSc17d1994-08-01hNº 1463 - ago. 1994l0oH338.1 BOL 1463pR04368r2026-04-10 16:06:21w2026-04-10yRN 00104070aBCEJYSbBCEJYSc17d1994-04-01hNº 1462 - abr. 1994l0oH338.1 BOL 1462pR04367r2026-04-10 16:06:21w2026-04-10yRN 00104070aBCEJYSbBCEJYSc17d1993-12-01hNº 1461 - dic. 1993l0oH338.1 BOL 1461pR04366r2026-04-10 16:06:21w2026-04-10yRN 00104070aBCEJYSbBCEJYSc17d1992-11-01hNº 1459 - nov. 1992l0oH338.1 BOL 1459pR04365r2026-04-10 16:06:21w2026-04-10yRN 00104070aBCEJYSbBCEJYSc17d1992-08-01hNº 1458 - ago. 1992l0oH338.1 BOL 1458pR04364r2026-04-10 16:06:21w2026-04-10yRN 00104070aBCEJYSbBCEJYSc17d1992-01-01hNº 1457 - ene. 1992l0oH338.1 BOL 1457pR04363r2026-04-10 16:06:21w2026-04-10yRN 00104070aBCEJYSbBCEJYSc17d1991-09-01hNº 1456 - sep. 1991l0oH338.1 BOL 1456pR04362r2026-04-10 16:06:21w2026-04-10yRN 00104070aBCEJYSbBCEJYSc17d1991-05-01hNº 1455 - may. 1991l0oH338.1 BOL 1455pR04361r2026-04-10 16:06:21w2026-04-10yRN 00104070aBCEJYSbBCEJYSc17d1991-01-01hNº 1454 - ene. 1991l0oH338.1 BOL 1454pR04360r2026-04-10 16:06:21w2026-04-10yRN 00104070aBCEJYSbBCEJYSc17d1990-08-01hNº 1453 - ago. 1990l0oH338.1 BOL 1453pR04359r2026-04-10 16:06:21w2026-04-10yRN 00104070aBCEJYSbBCEJYSc17d1990-04-01hNº 1452 - abr. 1990l0oH338.1 BOL 1452pR04358r2026-04-10 16:06:21w2026-04-10yRN 00104070aBCEJYSbBCEJYSc17d1989-12-01hNº 1451 - dic. 1989l0oH338.1 BOL 1451pR04357r2026-04-10 16:06:21w2026-04-10yRN 00104070aBCEJYSbBCEJYSc17d1989-08-01hNº 1450 - ago. 1989l0oH338.1 BOL 1450pR04356r2026-04-10 16:06:21w2026-04-10yRN 00104070aBCEJYSbBCEJYSc17d1989-03-01hNº 1449 - mar. 1989l0oH338.1 BOL 1449pR04355r2026-04-10 16:06:21w2026-04-10yRN 00104070aBCEJYSbBCEJYSc17d1988-12-01hNº 1448 - dic. 1988l0oH338.1 BOL 1448pR04354r2026-04-10 16:06:21w2026-04-10yRN 00104070aBCEJYSbBCEJYSc17d1988-09-01hNº 1447 - sep. 1988l0oH338.1 BOL 1447pR04353r2026-04-10 16:06:21w2026-04-10yRN 00104070aBCEJYSbBCEJYSc17d1988-06-01hNº 1446 - jun. 1988l0oH338.1 BOL 1446pR04352r2026-04-10 16:06:21w2026-04-10yRN 00104070aBCEJYSbBCEJYSc17d1988-03-01hNº 1445 - mar. 1988l0oH338.1 BOL 1445pR04351r2026-04-10 16:06:21w2026-04-10yRN 00104070aBCEJYSbBCEJYSc17d1987-12-01hNº 1444 - dic. 1987l0oH338.1 BOL 1444pR04350r2026-04-10 16:06:21w2026-04-10yRN 00104070aBCEJYSbBCEJYSc17d1987-09-01hNº 1443 - set. 1987l0oH338.1 BOL 1443pR04349r2026-04-10 16:06:21w2026-04-10yRN 00104070aBCEJYSbBCEJYSc17d1987-06-01hNº 1442 - jun. 1987l0oH338.1 BOL 1442pR04348r2026-04-10 16:06:21w2026-04-10yRN 00104070aBCEJYSbBCEJYSc17d1987-03-01hNº 1441 - mar. 1987l0oH338.1 BOL 1441pR04347r2026-04-10 16:06:21w2026-04-10yRN 00104070aBCEJYSbBCEJYSc17d1986-12-01hNº 1440 - dic. 1986l0oH338.1 BOL 1440pR04346r2026-04-10 16:06:21w2026-04-10yRN 00104070aBCEJYSbBCEJYSc17d1986-09-01hNº 1439 - set. 1986l0oH338.1 BOL 1439pR04345r2026-04-10 16:06:21w2026-04-10yRN 00104070aBCEJYSbBCEJYSc17d1986-06-01hNº 1438 - jun. 1986l0oH338.1 BOL 1438pR04344r2026-04-10 16:06:21w2026-04-10yRN 00104070aBCEJYSbBCEJYSc17d1986-03-01hNº 1437 - mar. 1986l0oH338.1 BOL 1437pR04343r2026-04-10 16:06:21w2026-04-10yRN 00104070aBCEJYSbBCEJYSc17d1985-09-01hNº 1435 - set. 1985l0oH338.1 BOL 1435pR04341r2026-04-10 16:06:21w2026-04-10yRN 00104070aBCEJYSbBCEJYSc17d1985-09-01hNº 1435 - set. 1985l0oH338.1 BOL 1436pR04342r2026-04-10 16:06:21w2026-04-10yRN 00104070aBCEJYSbBCEJYSc17d1985-06-01hNº 1434 - jun. 1985l0oH338.1 BOL 1434pR04340r2026-04-10 16:06:21w2026-04-10yRN 00104070aBCEJYSbBCEJYSc17d1985-03-01hNº 1433 - mar. 1985l0oH338.1 BOL 1433pR04339r2026-04-10 16:06:21w2026-04-10yRN 00104070aBCEJYSbBCEJYSc17d1984-12-01hNº 1432 - dic. 1984l0oH338.1 BOL 1432pR04338r2026-04-10 16:06:21w2026-04-10yRN 00104070aBCEJYSbBCEJYSc17d1984-06-01hNº 1430 - jun. 1984l0oH338.1 BOL 1430pR04336r2026-04-10 16:06:21w2026-04-10yRN 00104070aBCEJYSbBCEJYSc17d1984-06-01hNº 1430 - jun. 1984l0oH338.1 BOL 1431pR04337r2026-04-10 16:06:21w2026-04-10yRN 00104070aBCEJYSbBCEJYSc17d1984-03-01hNº 1429 - mar. 1984l0oH338.1 BOL 1429pR04335r2026-04-10 16:06:21w2026-04-10yRN 00104070aBCEJYSbBCEJYSc17d1983-12-01hNº 1428 - dic. 1983l0oH338.1 BOL 1428pR04334r2026-04-10 16:06:21w2026-04-10yRN 00104070aBCEJYSbBCEJYSc17d1983-09-01hNº 1427 - set. 1983l0oH338.1 BOL 1427pR04333r2026-04-10 16:06:21w2026-04-10yRN 00104070aBCEJYSbBCEJYSc17d1983-06-01hNº 1426 - jun. 1983l0oH338.1 BOL 1426pR04332r2026-04-10 16:06:21w2026-04-10yRN 00104070aBCEJYSbBCEJYSc17d1983-03-01hNº 1425 - mar. 1983l0oH338.1 BOL 1425pR04331r2026-04-10 16:06:21w2026-04-10yRN 00104070aBCEJYSbBCEJYSc17d1982-12-01hNº 1424 - dic. 1982l0oH338.1 BOL 1424pR04330r2026-04-10 16:06:21w2026-04-10yRN 00104070aBCEJYSbBCEJYSc17d1982-09-01hNº 1423 - set. 1982l0oH338.1 BOL 1423pR04329r2026-04-10 16:06:21w2026-04-10yRN 00104070aBCEJYSbBCEJYSc17d1982-06-01hNº 1422 - jun. 1982l0oH338.1 BOL 1422pR04328r2026-04-10 16:06:21w2026-04-10yRN 00104070aBCEJYSbBCEJYSc17d1982-03-01hNº 1421 - mar. 1982l0oH338.1 BOL 1421pR04327r2026-04-10 16:06:21w2026-04-10yRN 00104070aBCEJYSbBCEJYSc17d1981-12-01hNº 1420 - dic. 1981l0oH338.1 BOL 1420pR04326r2026-04-10 16:06:21w2026-04-10yRN 00104070aBCEJYSbBCEJYSc17d1981-08-01hNº 1419 - ago. 1981l0oH338.1 BOL 1419pR04325r2026-04-10 16:06:21w2026-04-10yRN